[Event "Gibtelecom Masters"]
[Site "Gibraltar Gibraltar"]
[Date "2007.01.27"]
[Round "5.57"]
[White "Dittmar, Peter"]
[Black "Compton, Alistair"]
[Result "1-0"]
[WhiteElo "2357"]
[BlackElo "2093"]
[PlyCount "95"]
[EventDate "2007.01.23"]

1. d4 e6 2. e4 d5 3. exd5 exd5 4. c4 Bb4+ 5. Nc3 Ne7 6. Bd3 Nbc6 7. Nge2 O-O 8.
O-O Bxc3 9. bxc3 dxc4 10. Bxc4 Bf5 11. a4 Nd5 12. a5 Nce7 13. a6 b6 14. Ba3 Re8
15. Qd2 c6 16. Ng3 Bg6 17. Rfe1 Qc7 18. Re5 f6 19. Re2 Bf7 20. Rae1 Ng6 21. Nf5
Qd7 22. Nd6 Rxe2 23. Qxe2 b5 24. Bb3 h6 25. g3 Kh7 26. Nxf7 Qxf7 27. h4 Nf8 28.
Qf3 Qd7 29. Bc2+ Kg8 30. Bf5 Qc7 31. Be4 Rd8 32. Bc5 Kh8 33. Bxf8 Rxf8 34. Qf5
g5 35. hxg5 Nxc3 36. gxf6 Nxe4 37. Rxe4 Qh7 38. Qe5 Qf7 39. Rf4 Re8 40. Qf5 Rf8
41. Qc5 Rc8 42. d5 Qxd5 43. Qxa7 Qd1+ 44. Kh2 Qh5+ 45. Rh4 Qg6 46. Qe3 Kh7 47.
Qe7+ Kg8 48. Qe6+ 1-0

[Event "Gibtelecom Masters"]
[Site "Gibraltar Gibraltar"]
[Date "2007.01.27"]
[Round "5.58"]
[White "Meenakshi, S."]
[Black "Agdestein, Emil"]
[Result "1-0"]
[WhiteElo "2293"]
[BlackElo "2116"]
[PlyCount "81"]
[EventDate "2007.01.23"]

1. d4 Nf6 2. c4 e6 3. Nf3 Bb4+ 4. Nbd2 d5 5. a3 Be7 6. g3 b6 7. cxd5 exd5 8.
Bg2 O-O 9. Ne5 Bb7 10. b4 Nbd7 11. O-O c5 12. Nxd7 Qxd7 13. dxc5 bxc5 14. bxc5
Bxc5 15. Bb2 Qe7 16. Nb3 Bb6 17. a4 Ba6 18. Ba3 Qe6 19. Bf3 Rfe8 20. a5 Bd8 21.
Nc5 Qc8 22. Nxa6 Qxa6 23. Bc5 Rc8 24. Qd4 Ne4 25. Bxa7 Bf6 26. Qb6 Rc6 27. Qxa6
Rxa6 28. Bb6 Bxa1 29. Rxa1 f5 30. Rc1 Kf7 31. g4 fxg4 32. Bxg4 Nf6 33. Bc8 Rxc8
34. Rxc8 Ke7 35. Rc7+ Nd7 36. Ra7 Rxa7 37. Bxa7 Kd6 38. Bd4 Kc6 39. Bxg7 Kb5
40. Bc3 Kc4 41. Bd2 1-0

[Event "Gibtelecom Masters"]
[Site "Gibraltar Gibraltar"]
[Date "2007.01.27"]
[Round "5.60"]
[White "Player, Edmund"]
[Black "Wallace, Paul"]
[Result "1/2-1/2"]
[WhiteElo "2142"]
[BlackElo "2274"]
[PlyCount "55"]
[EventDate "2007.01.23"]

1. d4 Nf6 2. Nc3 d5 3. Bg5 Bf5 4. e3 e6 5. Bd3 Bxd3 6. cxd3 Be7 7. Qb3 b6 8.
Rc1 O-O 9. Nf3 Nbd7 10. O-O c5 11. dxc5 bxc5 12. Na4 Qa5 13. Qc2 Rfc8 14. b3 h6
15. Bh4 Rc6 16. Qc3 Qa6 17. Bg3 Rac8 18. h3 Ne8 19. Qd2 Nd6 20. e4 Nb5 21. Rfe1
Bf6 22. exd5 exd5 23. Ne5 Nxe5 24. Bxe5 Bg5 25. Bf4 Bf6 26. Be5 Bg5 27. Bf4 Bf6
28. Be5 1/2-1/2

[Event "Gibtelecom Masters"]
[Site "Gibraltar Gibraltar"]
[Date "2007.01.27"]
[Round "5.61"]
[White "Savory, Richard"]
[Black "Klokas, Konstantinos"]
[Result "0-1"]
[WhiteElo "2119"]
[BlackElo "2231"]
[PlyCount "98"]
[EventDate "2007.01.23"]

1. e4 c5 2. Nf3 Nc6 3. d4 cxd4 4. Nxd4 Nf6 5. Nc3 e5 6. Ndb5 d6 7. Bg5 a6 8.
Na3 b5 9. Nd5 Be7 10. Bxf6 Bxf6 11. c3 Ne7 12. Nxf6+ gxf6 13. Qd2 Bb7 14. O-O-O
Bxe4 15. Qxd6 Qxd6 16. Rxd6 f5 17. f3 Bc6 18. Be2 Rg8 19. g3 Rg6 20. Rhd1 f4
21. gxf4 exf4 22. Nc2 Nf5 23. Rxg6 hxg6 24. Nd4 Ne7 25. Nxc6 Nxc6 26. Rd6 Rc8
27. a4 Ke7 28. Rd2 bxa4 29. Bxa6 Rh8 30. Bb5 Ne5 31. Re2 Kd6 32. Rd2+ Kc5 33.
Bxa4 Nxf3 34. Rf2 Ne5 35. b4+ Kc4 36. Kc2 g5 37. Bb3+ Kb5 38. Kd2 f6 39. Bd1
Nc4+ 40. Ke1 Rh3 41. Rf3 Rxh2 42. Be2 Rh8 43. Kf2 Rc8 44. Rh3 Ka4 45. Rh6 Nd2
46. Bd1+ Ka3 47. Ke1 Ne4 48. Bf3 Rxc3 49. Bxe4 Re3+ 0-1

[Event "Gibtelecom Masters"]
[Site "Gibraltar Gibraltar"]
[Date "2007.01.27"]
[Round "5.62"]
[White "Ashby, Anthony"]
[Black "Cardenas Romo, Alejandro"]
[Result "0-1"]
[WhiteElo "2226"]
[BlackElo "1891"]
[PlyCount "60"]
[EventDate "2007.01.23"]

1. e4 d5 2. exd5 Qxd5 3. Nc3 Qa5 4. d4 Nf6 5. Nf3 c6 6. Bd2 Qc7 7. Bc4 Bf5 8.
O-O e6 9. Bg5 Nbd7 10. Qe2 O-O-O 11. a4 Bd6 12. Rfb1 h6 13. Be3 Nb6 14. b4 Ne4
15. Nd1 Ng5 16. Ne1 Bxh2+ 17. Kf1 Bf4 18. a5 Nd5 19. b5 Bxe3 20. Bxd5 Qh2 21.
Qc4 exd5 22. Qc3 Bg4 23. f3 Qg1+ 24. Ke2 Bxd4 25. Qd3 Rhe8+ 26. Kd2 Qxe1+ 27.
Kc1 Bxa1 28. bxc6 Qxa5 29. fxg4 bxc6 30. Qb3 Re7 0-1

[Event "Gibtelecom Masters"]
[Site "Gibraltar Gibraltar"]
[Date "2007.01.27"]
[Round "5.63"]
[White "Tscharotschkin, Michael"]
[Black "Johnsen, Magne Kjell"]
[Result "1-0"]
[WhiteElo "2197"]
[BlackElo "1890"]
[PlyCount "81"]
[EventDate "2007.01.23"]

1. e4 e6 2. Nf3 d5 3. exd5 exd5 4. d4 Bg4 5. h3 Bh5 6. Qe2+ Qe7 7. Be3 Bxf3 8.
Qxf3 Qb4+ 9. Nd2 Nf6 10. O-O-O Nbd7 11. g4 h6 12. h4 Nb6 13. c3 Qa5 14. Kb1
O-O-O 15. Bh3 Kb8 16. g5 hxg5 17. hxg5 Ne8 18. Nb3 Qa4 19. Bd7 Qxd7 20. Rxh8
Nd6 21. Re1 g6 22. Bc1 Nbc4 23. Nd2 Nxd2+ 24. Bxd2 Nf5 25. Bf4 a5 26. Re5 a4
27. Rxd5 Qxd5 28. Qxd5 Rxd5 29. Rxf8+ Ka7 30. Rxf7 c5 31. dxc5 Rxc5 32. Rf6 Rc6
33. Rxc6 bxc6 34. b3 axb3 35. axb3 Kb6 36. Kc2 Kc5 37. Kd3 Kd5 38. c4+ Ke6 39.
b4 Ne7 40. Ke4 Nc8 41. Kd4 1-0

[Event "Gibtelecom Masters"]
[Site "Gibraltar Gibraltar"]
[Date "2007.01.27"]
[Round "5.64"]
[White "Pettersen, Joar"]
[Black "Menon, Shanker"]
[Result "1-0"]
[WhiteElo "2032"]
[BlackElo "2194"]
[PlyCount "51"]
[EventDate "2007.01.23"]

1. e4 c5 2. a3 g6 3. c3 d5 4. exd5 Qxd5 5. Nf3 Nc6 6. d4 Bg4 7. Be2 Bg7 8. Be3
c4 9. Nbd2 Na5 10. O-O Bxf3 11. Bxf3 Qb5 12. Be2 Qc6 13. Bf3 Qd7 14. b4 cxb3
15. Nxb3 Nxb3 16. Qxb3 O-O-O 17. Rab1 b6 18. Qc4+ Qc7 19. Qa6+ Kd7 20. Qb5+ Kc8
21. Rb4 Kb8 22. Rc4 Qd7 23. Bc6 Qc7 24. Qa6 e5 25. Be4 Qd7 26. Rb1 1-0

[Event "Gibtelecom Masters"]
[Site "Gibraltar Gibraltar"]
[Date "2007.01.27"]
[Round "5.65"]
[White "Strand, Haakon"]
[Black "Martin Macias, Daniel"]
[Result "0-1"]
[WhiteElo "2015"]
[BlackElo "2192"]
[PlyCount "40"]
[EventDate "2007.01.23"]

1. e4 c5 2. Nf3 Nc6 3. d4 cxd4 4. Nxd4 e5 5. Nb3 Nf6 6. Nc3 Bb4 7. Bd3 d5 8.
exd5 Nxd5 9. Bd2 Nxc3 10. bxc3 Be7 11. Qh5 g6 12. Qe2 O-O 13. Bh6 Re8 14. O-O-O
Qc7 15. Kb1 Be6 16. h4 Na5 17. Bc1 f5 18. h5 Bf6 19. Nxa5 Qxa5 20. Bc4 Qxc3 0-1

[Event "Gibtelecom Masters"]
[Site "Gibraltar Gibraltar"]
[Date "2007.01.27"]
[Round "5.66"]
[White "Dawson, Jeff"]
[Black "Osuna Vega, Enrique"]
[Result "0-1"]
[WhiteElo "2027"]
[BlackElo "2177"]
[PlyCount "76"]
[EventDate "2007.01.23"]

1. e4 e6 2. d4 d5 3. Bd3 Nf6 4. Bg5 dxe4 5. Bxe4 Be7 6. Bf3 c5 7. Ne2 h6 8. Be3
Qb6 9. Nbc3 a6 10. O-O cxd4 11. Nxd4 Qc7 12. Ne4 Bd7 13. Re1 O-O 14. Qe2 e5 15.
Nb3 Bb5 16. Qd2 Rd8 17. Qc1 Bc6 18. Bxh6 Bxe4 19. Bxe4 Nxe4 20. Rxe4 f5 21. Re3
gxh6 22. Rg3+ Kh7 23. Qe3 Nc6 24. Qf3 Qd7 25. Qh5 Qe6 26. Re1 Rg8 27. Rh3 Qg6
28. Qxg6+ Rxg6 29. Rf3 Rf8 30. Nd2 e4 31. Rb3 b5 32. a4 Nd4 33. Rc3 Rc6 34.
Rxc6 Nxc6 35. axb5 axb5 36. c4 Bb4 37. cxb5 Nd4 38. Rd1 Rd8 0-1

[Event "Gibtelecom Masters"]
[Site "Gibraltar Gibraltar"]
[Date "2007.01.27"]
[Round "5.67"]
[White "Hamer, Martyn"]
[Black "Andreassen, Lars"]
[Result "0-1"]
[WhiteElo "1987"]
[BlackElo "2160"]
[PlyCount "66"]
[EventDate "2007.01.23"]

1. e4 e5 2. Nf3 Nc6 3. Bc4 Nf6 4. Ng5 d5 5. exd5 Na5 6. Bb5+ c6 7. dxc6 bxc6 8.
Be2 h6 9. Nf3 e4 10. Ne5 Bc5 11. f4 O-O 12. c3 Bb6 13. d4 exd3 14. Qxd3 Qc7 15.
Na3 Be6 16. b4 Rad8 17. Qc2 Nb7 18. Bf3 Bd5 19. Bxd5 Rxd5 20. Nac4 Re8 21. Kf1
Nd6 22. Ne3 Rdxe5 23. fxe5 Rxe5 24. g3 Bxe3 25. Bxe3 Rxe3 26. Re1 Nc4 27. Qc1
Qe5 28. Rxe3 Nxe3+ 29. Ke2 Ned5+ 30. Kd3 Qe4+ 31. Kd2 Qe3+ 32. Kd1 Qd3+ 33. Ke1
Nxc3 0-1

[Event "Gibtelecom Masters"]
[Site "Gibraltar Gibraltar"]
[Date "2007.01.27"]
[Round "5.68"]
[White "Mayers, Dan"]
[Black "Heinis, Vincent"]
[Result "0-1"]
[WhiteElo "1965"]
[BlackElo "2156"]
[PlyCount "52"]
[EventDate "2007.01.23"]

1. e4 c6 2. d4 d5 3. f3 g6 4. Be3 Bg7 5. c3 Qb6 6. Qd2 dxe4 7. fxe4 Nf6 8. Bd3
Ng4 9. Bf4 e5 10. dxe5 Nd7 11. e6 fxe6 12. h3 Nge5 13. Bxe5 Nxe5 14. Be2 O-O
15. Nf3 Rd8 16. Qc2 Nxf3+ 17. gxf3 Be5 18. f4 Bxf4 19. Bf3 Kg7 20. Qe2 e5 21.
Qf2 Be3 22. Qh2 Bf4 23. Qg1 Qxb2 24. Qc5 Be6 25. Qe7+ Bf7 26. Qa3 Bg3+ 0-1

[Event "Gibtelecom Masters"]
[Site "?"]
[Date "2007.01.27"]
[Round "5.69"]
[White "Gonzalez Nunez, Millan"]
[Black "Adnani, Moklis"]
[Result "0-1"]
[WhiteElo "1940"]
[BlackElo "2265"]
[PlyCount "72"]
[EventDate "2007.01.26"]

1. e4 c5 2. Nf3 Nc6 3. d4 cxd4 4. Nxd4 Nf6 5. Nc3 e5 6. Ndb5 d6 7. Bg5 a6 8.
Na3 b5 9. Nd5 Be7 10. Bxf6 Bxf6 11. Nxf6+ Qxf6 12. c3 Qg6 13. Qd3 O-O 14. Nc2
Rb8 15. f3 Rd8 16. Ne3 b4 17. Nd5 Kh8 18. Rc1 bxc3 19. Qxc3 Bb7 20. Kf2 f5 21.
Bd3 fxe4 22. Bxe4 Qh6 23. Rhe1 Nd4 24. b3 Bxd5 25. Bxd5 Qxh2 26. Rh1 Qf4 27.
Qd3 h6 28. Rc7 Rbc8 29. Rhc1 Rxc7 30. Rxc7 Nf5 31. Kg1 a5 32. Rf7 Qc1+ 33. Kh2
Qf4+ 34. Kg1 Rc8 35. Rxf5 Rc1+ 36. Kf2 Qh4+ 0-1

[Event "Gibtelecom Masters"]
[Site "Gibraltar Gibraltar"]
[Date "2007.01.27"]
[Round "5.70"]
[White "Prasanna, Rao"]
[Black "Benaddi, Mouhcine"]
[Result "1-0"]
[WhiteElo "2234"]
[BlackElo "2064"]
[PlyCount "65"]
[EventDate "2007.01.23"]

1. e4 c5 2. Nf3 d6 3. d4 cxd4 4. Nxd4 Nf6 5. Nc3 a6 6. g3 e5 7. Nb3 Be6 8. Bg2
Be7 9. O-O O-O 10. a4 Nbd7 11. a5 b5 12. axb6 Nxb6 13. Na5 Qc7 14. Be3 Nc4 15.
Nxc4 Bxc4 16. Re1 Rfb8 17. Qc1 Qb7 18. b3 Be6 19. Qd1 Rc8 20. Nd5 Nxd5 21. exd5
Bf5 22. c4 Rab8 23. Ra3 Qb4 24. Qa1 Bc2 25. Rxa6 Bxb3 26. Ba7 Rb7 27. c5 Ra8
28. Rb1 h6 29. c6 Rb5 30. Be3 Rxa6 31. Qxa6 Qc4 32. c7 Rb4 33. c8=Q+ 1-0

[Event "Gibtelecom Masters"]
[Site "Gibraltar Gibraltar"]
[Date "2007.01.27"]
[Round "5.71"]
[White "Mundaca, Juan"]
[Black "Van Kemenade, Rudi"]
[Result "1/2-1/2"]
[WhiteElo "2167"]
[BlackElo "2048"]
[PlyCount "65"]
[EventDate "2007.01.23"]

1. d4 Nf6 2. Nf3 g6 3. c4 Bg7 4. g3 O-O 5. Bg2 d6 6. O-O Nc6 7. Nc3 e5 8. dxe5
dxe5 9. Bg5 Be6 10. Qa4 Qc8 11. Rfd1 Nd7 12. Nd5 Nb6 13. Qc2 f6 14. Be3 Bf5 15.
Qc1 g5 16. Ne1 Re8 17. Nd3 Nd4 18. Bxd4 exd4 19. e3 dxe3 20. Nxe3 Bxd3 21. Rxd3
c6 22. Qd2 Qe6 23. c5 Nc4 24. Qb4 Nxe3 25. Rxe3 Qd7 26. Rae1 Rxe3 27. Rxe3 Rd8
28. Bf1 Bf8 29. Qb3+ Kh8 30. Rd3 Qe7 31. Qc3 Rxd3 32. Bxd3 Qe5 33. Qa5 1/2-1/2

[Event "Gibtelecom Masters"]
[Site "Gibraltar Gibraltar"]
[Date "2007.01.27"]
[Round "5.72"]
[White "Walton, Colin"]
[Black "Stokes, Ivan"]
[Result "1-0"]
[WhiteElo "2135"]
[BlackElo "2041"]
[PlyCount "109"]
[EventDate "2007.01.23"]

1. e4 d6 2. d4 Nf6 3. Bd3 e5 4. d5 c5 5. c4 Be7 6. f4 Nfd7 7. Nf3 Bf6 8. f5 g6
9. Nc3 a6 10. Qe2 b5 11. b3 b4 12. Nd1 a5 13. Nf2 a4 14. Rb1 Bg7 15. Bg5 f6 16.
Be3 g5 17. h4 gxh4 18. Nxh4 Qe7 19. g4 Nf8 20. Nh3 h6 21. Nf2 Ra5 22. Nf3 Qa7
23. Qd2 axb3 24. axb3 Ra2 25. Rb2 Ra1+ 26. Rb1 Ra2 27. Rb2 Ra1+ 28. Bb1 Qa3 29.
Ke2 Nbd7 30. Qc1 Nb6 31. Ne1 Qa6 32. Kf3 Qa7 33. Bxh6 Rxh6 34. Rxh6 Nxc4 35.
bxc4 Qa3+ 36. Ned3 Rxb1 37. Rxb1 Qxc1 38. Nxc1 Bxh6 39. Nb3 Ba6 40. Na5 Nd7 41.
Ke2 Nb6 42. Kd3 Bf8 43. Rh1 Kf7 44. Rh7+ Bg7 45. Nd1 Nc8 46. Nc6 Kg8 47. Rh1
Nb6 48. Nb2 Bb7 49. Ra1 Bf8 50. Ra7 Bc8 51. Kc2 Kh8 52. Kb3 Kg8 53. Rc7 Ba6 54.
Nb8 Bc8 55. Rc6 1-0

[Event "Gibtelecom Masters"]
[Site "?"]
[Date "2007.01.27"]
[Round "5.73"]
[White "Ocana Roca, Juan"]
[Black "McGRane, Stephen"]
[Result "1/2-1/2"]
[WhiteElo "2130"]
[BlackElo "2031"]
[PlyCount "108"]
[EventDate "2007.01.26"]

1. e4 c5 2. Nf3 d6 3. d4 cxd4 4. Nxd4 Nf6 5. Nc3 a6 6. Bc4 e6 7. Bb3 b5 8. f3
Bb7 9. Be3 Nbd7 10. Qd2 Nc5 11. O-O-O Qa5 12. Kb1 Rc8 13. g4 b4 14. Nce2 Nxb3
15. Nxb3 Qc7 16. Rc1 d5 17. g5 Nd7 18. c3 Qd8 19. cxb4 dxe4 20. Rxc8 Qxc8 21.
Rc1 Qd8 22. f4 Bd5 23. Nc5 Nb8 24. Nc3 Bxc5 25. bxc5 Nc6 26. Rd1 Nb4 27. Nxd5
Qxd5 28. Qxd5 Nxd5 29. Re1 O-O 30. Bd2 Rc8 31. b4 e3 32. Bxe3 Nxb4 33. Rc1 Nd5
34. Bd2 Rc6 35. Rc4 f6 36. a4 Kf7 37. a5 Kg6 38. Kc2 Kf5 39. Kd3 Kg6 40. Ke4
Kf7 41. f5 Ne7 42. fxe6+ Rxe6+ 43. Kf3 Nc6 44. Rh4 Ne5+ 45. Kg3 Nd3 46. gxf6
Nxc5 47. Kf3 Rxf6+ 48. Ke3 Re6+ 49. Kf3 h6 50. Rc4 Re5 51. Bb4 Nb3 52. Rc7+ Ke8
53. Rxg7 Nxa5 54. Rg6 Rb5 1/2-1/2

[Event "Gibtelecom Masters"]
[Site "Gibraltar Gibraltar"]
[Date "2007.01.27"]
[Round "5.74"]
[White "Nyland, Thomas"]
[Black "Daoudi, Kamal"]
[Result "0-1"]
[WhiteElo "2124"]
[BlackElo "2129"]
[PlyCount "76"]
[EventDate "2007.01.23"]

1. d4 Nf6 2. c4 e6 3. Nc3 d5 4. cxd5 exd5 5. Nf3 c6 6. Bg5 Be7 7. e3 O-O 8. Bd3
Nbd7 9. O-O Re8 10. Qc2 g6 11. a3 a5 12. Rac1 Nf8 13. Na4 Ne6 14. Bh4 b5 15.
Nc5 Nxc5 16. Bxf6 Bxf6 17. Qxc5 Bd7 18. Qd6 Rc8 19. Rc2 h5 20. h3 g5 21. Rfc1
g4 22. hxg4 hxg4 23. Qg3 Kf8 24. Nh2 Bh4 25. Qd6+ Kg7 26. Bxb5 Re6 27. Qf4 cxb5
28. Qxg4+ Kf8 29. Nf3 Rec6 30. Qh5 Bxf2+ 31. Rxf2 Rxc1+ 32. Kh2 Qf6 33. Qxd5
Qh6+ 34. Kg3 Be6 35. Qd6+ Kg8 36. e4 Kh7 37. Ne5 Qe3+ 38. Rf3 Rg8+ 0-1

[Event "Gibtelecom Masters"]
[Site "Gibraltar Gibraltar"]
[Date "2007.01.27"]
[Round "5.76"]
[White "Thurlow, Kevin"]
[Black "Fellousi, Abdelaziz"]
[Result "1/2-1/2"]
[WhiteElo "2119"]
[BlackElo "2118"]
[PlyCount "123"]
[EventDate "2007.01.23"]

1. c4 Nf6 2. Nc3 g6 3. d4 Bg7 4. g3 d5 5. cxd5 Nxd5 6. Bg2 Nb6 7. Nf3 Nc6 8. e3
O-O 9. O-O a6 10. b3 e5 11. dxe5 Qxd1 12. Rxd1 Nxe5 13. Nxe5 Bxe5 14. Bb2 c6
15. Na4 Bxb2 16. Nxb2 Be6 17. Nd3 Rad8 18. Nc5 Bc8 19. Kf1 Kg7 20. Ke2 Bg4+ 21.
f3 Bc8 22. e4 Kf6 23. f4 Ke7 24. Bf3 h5 25. Ke3 Na8 26. e5 Nc7 27. Rxd8 Rxd8
28. Rd1 Rxd1 29. Bxd1 Nd5+ 30. Kd4 Kd8 31. Ne4 Kc7 32. Ng5 Be6 33. Nxe6+ fxe6
34. Bc2 Ne7 35. b4 Kb6 36. Bb3 Nd5 37. a3 Kb5 38. Bc2 Ne7 39. Bd3+ Kb6 40. Bc4
Nd5 41. Bd3 Ne7 42. a4 Nf5+ 43. Kc4 a5 44. bxa5+ Kxa5 45. Kc5 Kxa4 46. Kb6 Kb4
47. Kxb7 c5 48. Kc7 c4 49. Be4 Kc5 50. Kd7 Kd4 51. Bb1 Kd5 52. Ke8 c3 53. Kf7
g5 54. fxg5 Kxe5 55. g6 Nh6+ 56. Kg7 Nf5+ 57. Kf8 Kf6 58. Bxf5 Kxf5 59. g7 c2
60. g8=Q c1=Q 61. Qf7+ Kg5 62. Qxe6 1/2-1/2

[Event "Gibtelecom Masters"]
[Site "Gibraltar Gibraltar"]
[Date "2007.01.27"]
[Round "5.77"]
[White "Horton, Colin"]
[Black "Matto, Manuel"]
[Result "1-0"]
[WhiteElo "1300"]
[BlackElo "1915"]
[PlyCount "57"]
[EventDate "2007.01.23"]

1. e4 d6 2. d4 h6 3. f4 e6 4. Bd3 Be7 5. Nf3 Nd7 6. O-O c6 7. c3 Ngf6 8. a4 a5
9. Qe2 b6 10. h3 Nf8 11. Be3 Nh5 12. Qf2 Ba6 13. Bxa6 Rxa6 14. e5 g6 15. Nbd2
d5 16. Rfb1 Ng7 17. b4 Nf5 18. Nf1 axb4 19. cxb4 Qa8 20. Qc2 Nd7 21. Bf2 O-O
22. g4 Ng7 23. Ng3 Rc8 24. f5 f6 25. exf6 Nxf6 26. fxe6 Kh7 27. Ne5 Rf8 28.
Qxg6+ Kg8 29. Nf5 1-0

[Event "Gibtelecom Masters"]
[Site "Gibraltar Gibraltar"]
[Date "2007.01.27"]
[Round "5.78"]
[White "Joseph, Adrian"]
[Black "Arsenault, Nicolas"]
[Result "1-0"]
[WhiteElo "1300"]
[BlackElo "2112"]
[PlyCount "55"]
[EventDate "2007.01.23"]

1. e4 e6 2. d4 d5 3. exd5 exd5 4. Bd3 c5 5. c3 Nf6 6. Nf3 c4 7. Bc2 Bg4 8. O-O
Be7 9. h3 Bh5 10. Bg5 O-O 11. Re1 Nc6 12. Nbd2 b5 13. Re3 Rb8 14. a3 a5 15. Qe2
Rb7 16. Re1 Qd6 17. Nf1 Bg6 18. Ne5 Bd8 19. Ng3 Bxc2 20. Qxc2 Ne7 21. Bf4 Qb6
22. Nf5 Nxf5 23. Qxf5 Re8 24. Nxc4 Rxe3 25. Nxe3 Re7 26. Be5 Qe6 27. Qd3 Nd7
28. Nf5 1-0

[Event "Gibtelecom Masters"]
[Site "Gibraltar Gibraltar"]
[Date "2007.01.27"]
[Round "5.80"]
[White "Sharp, Dale"]
[Black "Sbia, Bachir"]
[Result "1-0"]
[WhiteElo "2085"]
[BlackElo "1914"]
[PlyCount "97"]
[EventDate "2007.01.23"]

1. e4 c5 2. Nf3 e6 3. d4 cxd4 4. Nxd4 a6 5. Nc3 Qc7 6. f4 Bb4 7. Qf3 Nf6 8. Bd2
d5 9. e5 Bxc3 10. Bxc3 Ne4 11. Bb4 Qb6 12. c3 Nc6 13. Nxc6 bxc6 14. Bd3 a5 15.
Ba3 f5 16. exf6 Nxf6 17. O-O-O Bd7 18. Qg3 Kf7 19. Rhe1 c5 20. f5 exf5 21. Qf2
d4 22. cxd4 Be6 23. Bxc5 Rhc8 24. Bxf5 Bxf5 25. Qxf5 Rab8 26. Re7+ Kg8 27. Re8+
Rxe8 28. Bxb6 Rxb6 29. Qxa5 Rc8+ 30. Kb1 Rcb8 31. b3 Rb5 32. Qa6 Nd5 33. Qe6+
Kh8 34. Rc1 Nf6 35. Rc8+ Rxc8 36. Qxc8+ Ng8 37. Qc6 Rf5 38. a4 h5 39. d5 Rf1+
40. Kc2 Rf2+ 41. Kc3 Nf6 42. d6 Rf1 43. Kd2 Rf4 44. a5 Rd4+ 45. Ke3 Rd1 46. a6
Re1+ 47. Kf2 Ra1 48. d7 Ng4+ 49. Kg3 1-0

[Event "Gibtelecom Masters"]
[Site "Gibraltar Gibraltar"]
[Date "2007.01.27"]
[Round "5.81"]
[White "Obers, Frits"]
[Black "Betari, Abdelkrim"]
[Result "1-0"]
[WhiteElo "2071"]
[BlackElo "1300"]
[PlyCount "81"]
[EventDate "2007.01.23"]

1. d4 Nf6 2. c4 e6 3. Nc3 Bb4 4. Qc2 c6 5. e4 h6 6. e5 Nh7 7. Bd3 Nf8 8. Nf3 d5
9. O-O dxc4 10. Bxc4 Bxc3 11. bxc3 b5 12. Bd3 Bb7 13. Nd2 Nfd7 14. Ne4 O-O 15.
f4 f5 16. Nd6 Bc8 17. Qb3 Nb6 18. Bxf5 Nd5 19. Bb1 Ne7 20. f5 Nd5 21. f6 gxf6
22. Bxh6 f5 23. c4 Qh4 24. Qg3+ Qxg3 25. hxg3 Ne7 26. Bxf8 Kxf8 27. g4 Bd7 28.
gxf5 exf5 29. Bxf5 Nxf5 30. g4 bxc4 31. gxf5 Be8 32. Nxe8 Kxe8 33. Rac1 a5 34.
Rxc4 Ra6 35. Rb1 Nd7 36. e6 Nf6 37. Rb7 Nd5 38. Rc2 Rb6 39. Rxb6 Nxb6 40. Rxc6
Nd5 41. Rc5 1-0

[Event "Gibtelecom Masters"]
[Site "Gibraltar Gibraltar"]
[Date "2007.01.27"]
[Round "5.82"]
[White "Hickman, John"]
[Black "Yarur Elsaca, Daniel"]
[Result "1/2-1/2"]
[WhiteElo "2052"]
[BlackElo "1913"]
[PlyCount "81"]
[EventDate "2007.01.23"]

1. e4 e5 2. Nf3 d6 3. d4 exd4 4. Nxd4 Nf6 5. Nc3 Be7 6. Be2 O-O 7. Be3 c6 8.
Qd2 b5 9. f3 b4 10. Nd1 Re8 11. Nf2 Bf8 12. f4 d5 13. e5 Ne4 14. Nxe4 dxe4 15.
Rd1 Qa5 16. Nb3 Qc7 17. Nc5 Bf5 18. Qxb4 Nd7 19. Qc3 Nb6 20. Qa5 Qe7 21. c4
Qh4+ 22. g3 Qh3 23. Kf2 Bg4 24. Qe1 Bxc5 25. Bxc5 Na4 26. Bd6 Nxb2 27. Bxg4
Qxg4 28. Qe2 Qxe2+ 29. Kxe2 Nxd1 30. Rxd1 Red8 31. Rb1 f5 32. Rb7 a5 33. h4 h5
34. a4 Ra6 35. Ke3 Raa8 36. c5 Ra6 37. Kd4 Raa8 38. Kc4 Ra6 39. Rb6 Rda8 40.
Rb7 R6a7 41. Rb6 1/2-1/2

[Event "Gibtelecom Masters"]
[Site "Gibraltar Gibraltar"]
[Date "2007.01.27"]
[Round "5.83"]
[White "Hocevar, Nikola"]
[Black "Perez Tellez, Jesus"]
[Result "1-0"]
[WhiteElo "2111"]
[BlackElo "1300"]
[PlyCount "42"]
[EventDate "2007.01.23"]

1. Nf3 d5 2. d4 Nf6 3. c4 c6 4. Nc3 e6 5. e3 g6 6. Bd3 Bg7 7. O-O O-O 8. e4
dxe4 9. Nxe4 Nbd7 10. Bg5 Qc7 11. Qe2 Nxe4 12. Qxe4 f6 13. Bf4 e5 14. dxe5 fxe5
15. Be3 Nf6 16. Qh4 Qd8 17. Bc2 Ng4 18. Qxd8 Rxd8 19. Bg5 Rd6 20. h3 Nh6 21. c5
Rd7 1-0

[Event "Gibtelecom Masters"]
[Site "?"]
[Date "2007.01.27"]
[Round "5.86"]
[White "Solaroli, Riccardo"]
[Black "Gonzalez Amaya, Francisco"]
[Result "1-0"]
[WhiteElo "1960"]
[BlackElo "1891"]
[PlyCount "45"]
[EventDate "2007.01.26"]

1. e4 d6 2. d4 Nd7 3. Nf3 e5 4. Bc4 h6 5. dxe5 dxe5 6. Bxf7+ Kxf7 7. Nxe5+ Kf6
8. Qd4 Qe8 9. Nxd7+ Kg6 10. Nxf8+ Qxf8 11. Be3 b6 12. Nc3 Bb7 13. O-O-O Ne7 14.
Qd7 Qf7 15. Qxc7 Bc8 16. Nd5 Re8 17. Nxe7+ Rxe7 18. Qc6+ Kh7 19. Qxa8 Bb7 20.
Qxa7 Bxe4 21. Qa4 b5 22. Qb3 Qg6 23. f3 1-0

[Event "Gibtelecom Masters"]
[Site "Gibraltar"]
[Date "2007.01.29"]
[Round "6.2"]
[White "Efimenko, Zahar"]
[Black "Adams, Michael"]
[Result "1-0"]
[WhiteElo "2616"]
[BlackElo "2735"]
[PlyCount "191"]
[EventDate "2007.??.??"]

1. e4 e5 2. Nf3 Nc6 3. Bc4 Bc5 4. c3 Nf6 5. d3 a6 6. Bb3 Ba7 7. h3 d6 8. O-O
O-O 9. Re1 Ne7 10. Nbd2 Ng6 11. Nf1 Re8 12. Ng3 Be6 13. d4 h6 14. Bc2 Nh7 15.
Nf5 Ng5 16. Be3 exd4 17. cxd4 c5 18. Nxg5 hxg5 19. Qh5 Nf4 20. Qg4 Bxf5 21.
exf5 cxd4 22. Bxf4 Rxe1+ 23. Rxe1 gxf4 24. Bd3 d5 25. Qxf4 Rc8 26. g3 Qf6 27.
Kg2 Bb8 28. Qf3 Rd8 29. h4 Kf8 30. Qh5 Qh6 31. Qxh6 gxh6 32. Kh3 Bd6 33. Kg4
Kg7 34. Kh5 Kf6 35. Rg1 Re8 36. Rc1 Kg7 37. Rd1 Kf6 38. Kg4 Bb4 39. Kf3 Rc8 40.
Bb1 Rc4 41. Ke2 Bd6 42. a3 Be5 43. Bd3 Rc8 44. Kd2 Bd6 45. Rc1 Re8 46. Kc2 Bc5
47. Kb3 Bb6 48. Kb4 Kg7 49. a4 Rb8 50. a5 Bd8 51. Ka4 Kf6 52. b4 h5 53. Rc2 Ke7
54. Re2+ Kf8 55. Re5 b5+ 56. axb6 Rxb6 57. Rxd5 Be7 58. Rxd4 Bf6 59. Rc4 Rd6
60. Be4 Kg7 61. Bf3 Rd2 62. Bxh5 Ra2+ 63. Kb3 Rb2+ 64. Ka3 Rxf2 65. Rc7 Kh6 66.
g4 Rf3+ 67. Ka4 Bb2 68. Rc6+ f6 69. Rxa6 Ra3+ 70. Kb5 Rh3 71. Kc6 Rxh4 72. b5
Rh1 73. Ra4 Bc3 74. b6 Rb1 75. b7 Be5 76. Bf7 Kg5 77. Bd5 Rc1+ 78. Rc4 Rb1 79.
Be4 Rb2 80. Bc2 Kh4 81. Ba4 Kg5 82. Re4 Bh2 83. Bb5 Rc2+ 84. Bc4 Bg3 85. Kd7
Rb2 86. Kc8 Rb4 87. Bd5 Rb5 88. Bc6 Rb2 89. Rc4 Bd6 90. Bd7 Rh2 91. Be8 Rh8 92.
Re4 Rh1 93. Rc4 Rh8 94. Kd7 Bg3 95. Rc8 Rh7+ 96. Kc6 1-0

[Event "Gibtelecom Masters"]
[Site "Gibraltar"]
[Date "2007.01.29"]
[Round "6.5"]
[White "Areshchenko, Alexander"]
[Black "Pavlovic, Milos"]
[Result "1/2-1/2"]
[WhiteElo "2644"]
[BlackElo "2521"]
[PlyCount "79"]
[EventDate "2007.??.??"]

1. e4 c6 2. d4 d5 3. e5 c5 4. c4 cxd4 5. Nf3 Nc6 6. Nxd4 e6 7. Nc3 Bc5 8. Nxc6
bxc6 9. cxd5 exd5 10. Bd3 Nh6 11. Bxh6 gxh6 12. Qd2 Rb8 13. Qxh6 Be6 14. O-O
Rg8 15. Ne2 Rxb2 16. Rac1 Bf8 17. Qe3 Qb6 18. Qf4 Rb4 19. Qd2 Rh4 20. Qc2 c5
21. Rb1 Qc7 22. Ng3 c4 23. Bxh7 Rg5 24. Bf5 Bc5 25. Qa4+ Kf8 26. Bxe6 fxe6 27.
Qa6 Bb6 28. a4 Qxe5 29. Qc8+ Ke7 30. Rfe1 Qd6 31. a5 Bxf2+ 32. Kxf2 Qf4+ 33.
Kg1 Qd4+ 34. Kh1 Rxh2+ 35. Kxh2 Qh4+ 36. Kg1 Qd4+ 37. Kf1 Qf4+ 38. Kg1 Qd4+ 39.
Kf1 Qf4+ 40. Kg1 1/2-1/2